00877cam a2200253 a 450000100090000000300040000900500170001300800410003001000170007102000150008804000180010305000220012108200190014310000230016224500680018525000120025326000510026530000390031650000200035565000660037570000200044185600870046185600750054813030155OSt20151014104837.0021213s2003 nyua 001 0 eng  a 2002192513 a0078290821 aDLCcDLCdDLC00aPE1115b.J27 200300a808/.066652211 aJaderstrom, Susan.10aBusiness English at work /cSusan Jaderstrom, Joanne M. Miller. a2nd ed. aNew York, N.Y. :bGlencoe/McGraw-Hill,cc2003. axiv, 657 p. :bcol. ill. ;c28 cm. aIncludes index. 0aEnglish languagexBusiness EnglishxProblems, exercises, etc.1 aMiller, Joanne.423Publisher descriptionuhttp://www.loc.gov/catdir/description/mh031/2002192513.html413Table of contentsuhttp://www.loc.gov/catdir/toc/mh031/2002192513.html